| 000 | 00654nam a2200157Ia 4500 | ||
|---|---|---|---|
| 001 | 8673 | ||
| 003 | GE_BSU | ||
| 008 | 181216s||||||||xx |||||||||||||| ||und|| | ||
| 040 | _cGE_BSU | ||
| 245 | _aსაქართველოს ეკონომიკა.№12(189) 2013. | ||
| 245 | _bსამეცნიერო ანალიტიკური ჟურნალი. | ||
| 245 | _cმთ.რედ:ემზარ ჯგერენაია.სამ.რედ:ლეო ჩიქავა და სხვა. | ||
| 653 | _aპერიოდიკა | ||
| 653 | _aსაქართველოს ეკონომიკა | ||
| 942 | _cCR | ||
| 999 |
_c41987 _d41987 |
||